| 000 | 02013nam a2200337 i 4500 | ||
|---|---|---|---|
| 003 | DO-SdBNP | ||
| 005 | 20250602113424.0 | ||
| 007 | ta | ||
| 008 | 250602b2024 dr abc|| |||| 00| 0 spa d | ||
| 040 |
_aDO-SdBNP _bspa _cBNPHU _erda |
||
| 041 | _aspa | ||
| 082 | 4 |
_axxx _bF294L 2024 _222 |
|
| 110 |
_aFederación Dominicana de municipios _981790 |
||
| 245 | 1 | 0 |
_aLogros de fedomu 2024 / _cFederación Dominicana de Municipios ; redacción, Cintya Aquino, Félix Santos, Yvelisse Báez ; revisión y estilo, Eladio Pichardo, Magdalena Díaz de Mazara ; fotografías, Jonathan Aquino ; diseño gráfico, Breanna Rodríguez |
| 264 |
_aSanto Domingo, República Dominicana : _bFederación Dominicana de Municipios (Fedomu), _c2024. |
||
| 300 |
_a115 páginas : _bilustraciones, fotografías, mapas ; _c23 cm. |
||
| 336 |
_atexto _btxt _2rdacontent |
||
| 337 |
_asin mediación _bn _2rdamedia |
||
| 338 |
_avolumen _bnc _2rdacarrier |
||
| 505 | _aPalabras del presidente, 9.-- Palabras de la directora ejecutiva, 10.-- Palabras del pasado presidente, 11.-- Filosofía institucional, 12.-- XXII Asamblea General de Municipios y conformación del consejo directivo 2022-2024, 15.-- Incidencia para el posicionamiento de los municipios y la protección de la autonomía local, 21.-- Articulación interinstitucional, 33.-- Capacitación, acompañamiento y asistencia técnica, 43.-- Proyectos de cooperación, 63.-- Relaciones internacionales, 83.-- Fortalecimiento institucional, 99.-- Fedomu en el territorio, 109.-- Publicaciones, 114. | ||
| 590 | _aInventariado, 2025 /LP | ||
| 700 | 1 |
_aAquino, Cintya _eredactor _4red. _981451 |
|
| 700 | 1 |
_aSantos, Félix _eredactor _4red. _96962 |
|
| 700 | 1 |
_aBáez, Yvelisse _eredactor _4red. _987943 |
|
| 700 | 1 |
_aDíaz de Mazara, Magdalena _erevisión _4rev. _987944 |
|
| 700 | 1 |
_aPichardo, Eladio _erevisión _4rev. _987945 |
|
| 700 | 1 |
_aAquino, Jonathan _efotógrafo _4fot. _981454 |
|
| 700 | 1 |
_aRodríguez, Breanna _ediseñador _4di. _987940 |
|
| 910 | _aLP | ||
| 942 |
_2ddc _cLBS1 |
||
| 999 |
_c58657 _d58657 |
||